Movement Disorders in Children (Record no. 5471)

MARC details
000 -LEADER
fixed length control field 00593nam a22002177a 4500
003 - CONTROL NUMBER IDENTIFIER
control field OSt
005 - DATE AND TIME OF LATEST TRANSACTION
control field 20170120181002.0
008 - FIXED-LENGTH DATA ELEMENTS--GENERAL INFORMATION
fixed length control field 170120b xxu||||| |||| 00| 0 eng d
020 ## - INTERNATIONAL STANDARD BOOK NUMBER
International Standard Book Number 1898683239
020 ## - INTERNATIONAL STANDARD BOOK NUMBER
International Standard Book Number 1898683131
040 ## - CATALOGING SOURCE
Transcribing agency DMLN
082 ## - DEWEY DECIMAL CLASSIFICATION NUMBER
Classification number WS340 F391 2001
100 ## - MAIN ENTRY--PERSONAL NAME
Personal name Fernandez-alvarez, Emilio; Alcardi, Jean
9 (RLIN) 11423
245 ## - TITLE STATEMENT
Title Movement Disorders in Children
260 ## - PUBLICATION, DISTRIBUTION, ETC. (IMPRINT)
Place of publication, distribution, etc. London; Mac Keith Press, 2001
300 ## - PHYSICAL DESCRIPTION
Extent viii,263p; ill: 24cm
504 ## - BIBLIOGRAPHY, ETC. NOTE
Bibliography, etc References, index included
650 ## - SUBJECT ADDED ENTRY--TOPICAL TERM
Topical term or geographic name as entry element Movement disorders
9 (RLIN) 11424
650 ## - SUBJECT ADDED ENTRY--TOPICAL TERM
Topical term or geographic name as entry element Children
9 (RLIN) 43
942 ## - ADDED ENTRY ELEMENTS (KOHA)
Source of classification or shelving scheme Other/Generic Classification Scheme
Koha item type Open Shelf
Holdings
Withdrawn status Lost status Source of classification or shelving scheme Damaged status Not for loan Home library Current library Date acquired Source of acquisition Inventory number Total Checkouts Full call number Barcode Date last seen Koha item type
    Other/Generic Classification Scheme     MUST Main Library MUST Main Library 20/01/2017   20512   WS340 F391 2001 2017-0046 20/01/2017 Open Shelf